| 000 | 00802nam a2200205Ii 4500 | ||
|---|---|---|---|
| 003 | JO-AjNU | ||
| 008 | 230605s9999||||xx |||||||||||||| ||und|| | ||
| 040 |
_aJO-AjNU _bara _erda _cJO-AjNU |
||
| 041 | _aara | ||
| 050 | 1 | 4 | _aBP147.I27 1969 |
| 100 | 3 |
_aالاندلسي، ابن حزم ؛ تحقيق: سعيد الافغاني, _eauthor _920366 |
|
| 245 | 0 | 0 | _aملخص إبطال الرأي والإستحسان والتقليد والتعليل |
| 250 | _aط2/منقحة | ||
| 264 | 3 | 1 | _aبيروت: دار الفكر، 1969 |
| 300 |
_a98ص _bمسارد الكتاب ص76-96 |
||
| 336 |
_atext _btxt _2rdacontent |
||
| 337 |
_aunmediated _bn _2rdamedia |
||
| 338 |
_avolume _bnc _2rdacarrier |
||
| 650 | 4 |
_aاصول الفقه الاسلامي- الاستحسان- القياس- التفكير _920367 |
|
| 999 |
_aA6891 _c10459 _d10459 |
||